Text book of polymer science (Record no. 19771)

MARC details
000 -LEADER
fixed length control field 00340nam a2200133Ia 4500
082 ## - DEWEY DECIMAL CLASSIFICATION NUMBER
Classification number 678
Item number BIL:1
100 ## - MAIN ENTRY--AUTHOR NAME
Personal name Bilmeyer, Fred W
245 #0 - TITLE STATEMENT
Title Text book of polymer science
260 ## - PUBLICATION, DISTRIBUTION, ETC. (IMPRINT)
Place of publication New York
Name of publisher John Wiley
Year of publication 1962
650 ## - SUBJECT ADDED ENTRY--TOPICAL TERM
Topical Term Fiber technology
650 ## - SUBJECT ADDED ENTRY--TOPICAL TERM
Topical Term Polymer science
942 ## - ADDED ENTRY ELEMENTS (KOHA)
Koha item type Books
Holdings
Withdrawn status Lost status Damaged status Not for loan Home library Current library Date acquired Cost, normal purchase price Full call number Accession Number Koha item type
        RRII Library RRII Library 16/12/2021 12.75 678 BIL:1 00501 Books